Statistics for Loosely Defined Video Games

Click here to take the quiz!

General Stats

  • This quiz has been taken 41 times
    (19 since last reset)
  • The average score is 14 of 16

Answer Stats

My DefinitionVideo Game% Correct
People fight to win a battle royale with guns.Fortnite
100%
Trying to get the police as mad as possible while driving around clumsily and ignoring stoplights.GTA
100%
Plumber with a brother saves fruit lady from a mean turtle.Mario
100%
Block man kills dragon.Minecraft
100%
Blue animal runs fast.Sonic
100%
You capture animals and fight other people with them to become the very best.Pokémon
94%
Famous Nintendo characters (and some 3rd party ones) duke it out to see who's the best fighter.Super Smash Bros
94%
A game where you can rotate blocks to place them in a certain way to not hit the roof.Tetris
94%
Trying to get a bird through pipes.Flappy bird
88%
Pink marshmallow eats everything imaginable while defeating demons, gods, and general nuisances.Kirby
88%
Using cars to play soccer/football.Rocket League
88%
You talk to animals while a tanuki steals your money.Animal Crossing
82%
Endless mobile tapping game where you have to cross roads.Crossy Road
76%
Scared green plumber heroically uses a vacuum to rescue his brother.Luigi's Mansion
76%
Guy with a sick hat defeats an angry beast man so he can't assemble a triangle.The Legend of Zelda
59%
Female bounty hunter makes her way across space to kill a malicious purple dragon.Metroid
47%

Score Distribution

Percentile by Number Answered

Percent of People with Each Score

Your Score History

You have not taken this quiz since the last reset